| 000 | 00000nem##2200000za#4500 |
| 001 | 9.615312 |
| 003 | CaOODSP |
| 005 | 20230131161134 |
| 007 | aj |a||| |
| 008 | 150406|2000||||xxc|||| a##f | eng|d |
| 020 | |a0-660-18281-5 |
| 022 | |a0068-7626 |
| 040 | |aCaOODSP|beng |
| 043 | |an-cn--- |
| 086 | 1 |aM42-547E |
| 110 | 2 |aGeological Survey of Canada. |
| 245 | 14|aThe physical environment of the Mackenzie Valley, Northwest Territories : |h[cartographic material]|ba base line for the assessment of environmental change / |cedited by L. D. Dyke and G. R. Brooks. |
| 260 | |aOttawa - Ontario : |bNatural Resources Canada. |c2000. |
| 300 | |a208p. : |bcoloured illus., figs., graphs, references, tables ; |c28 cm. + |emaps. |
| 490 | 1 |aBulletin|x0068-7626|v547 |
| 500 | |a"This bulletin is the report of the Mackenzie Integrated Research and Monitoring Area project which was initiated to assess the sensitivity of landscape-altering processes in the Mackenzie Valley to climate warming and to produce regional maps of permafrost and ground-ice distribution."--Page 7. |
| 520 | 3 |aThis bulletin is the report of the Mackenzie Integrated Research and Monitoring Area project which was initiated to assess the sensitivity of landscape-altering processes in the Mackenzie Valley to climate warming and to produce regional maps of permafrost and ground-ice distribution.--Page 7 |
| 546 | |aRésumés en français |
| 563 | |aSoftcover |
| 590 | |a01-06|b2001-02-09 |
| 690 | 07|aWeather|2gcpds |
| 690 | 07|aGeology|2gcpds |
| 690 | 07|aRivers|2gcpds |
| 690 | 07|aIce|2gcpds |
| 690 | 07|aGlobal warming|2gcpds |
| 720 | 1 |aBrooks, G. R. |
| 720 | 1 |aDyke, L. D. |
| 776 | 0#|tThe physical environment of the Mackenzie Valley, Northwest Territories : |w(CaOODSP)9.617606 |
| 830 | #0|aBulletin,|x0068-7626|v547|w(CaOODSP)9.514768 |